LEADER 00857nam0 2200289 450 001 9910252349503321 005 20181126172229.0 010 $a978-88-93910-01-9 100 $a20180202d2016----km y0itay50 ba 101 0 $aita 102 $aIT 105 $a 001yy 200 1 $aSulle strade della musica$ejazz, immaginario, ideologia$fLuigi Caramiello ... [et al.] 210 $aNapoli$cScientifica$d2016 215 $a244 p.$d21 cm 225 1 $aFrontiere delle scienze sociali$v3 610 0 $aMusica Jazz$aAspetti socioculturali 676 $a306.484$v22$zita 676 $a781.65$v22$zita 702 1$aCaramiello,$bLuigi$f<1957- > 801 0$aIT$bUNINA$gREICAT$2UNIMARC 901 $aBK 912 $a9910252349503321 952 $a306.484 CAR 1$b4687$fBFS 959 $aBFS 996 $aSulle strade della musica$91504074 997 $aUNINA LEADER 03936nam 22005895 450 001 9910767518003321 005 20251008153739.0 010 $a3-031-43312-2 024 7 $a10.1007/978-3-031-43312-2 035 $a(MiAaPQ)EBC30853353 035 $a(Au-PeEL)EBL30853353 035 $a(DE-He213)978-3-031-43312-2 035 $a(CKB)28652793400041 035 $a(EXLCZ)9928652793400041 100 $a20231101d2023 u| 0 101 0 $aeng 135 $aurcnu|||||||| 181 $ctxt$2rdacontent 182 $cc$2rdamedia 183 $acr$2rdacarrier 200 10$aMedicinal and Aromatic Plants of Turkey /$fedited by Ákos Máthé, Kenan Turgut 205 $a1st ed. 2023. 210 1$aCham :$cSpringer International Publishing :$cImprint: Springer,$d2023. 215 $a1 online resource (330 pages) 225 1 $aMedicinal and Aromatic Plants of the World,$x2352-684X ;$v10 311 08$aPrint version: Máthé, Ákos Medicinal and Aromatic Plants of Turkey Cham : Springer International Publishing AG,c2023 9783031433115 320 $aIncludes bibliographical references. 327 $aIntroduction to MAPs in Turkey -- Ethnobotany in Turkey: Retrospect and Prospect -- Natural Dye Plants in Turkey -- Phytochemical and Biological Characteristics of Apiaceae (Umbelliferae) Species from Turkey.-The genus Salvia in Turkey: Morphology, Ecology, Phytogeograpy, Endemism and Threat Categories -- Threatened Medicinal and Aromatic Plants and Conservation Studies in Turkey -- Cultivation and Breeding of MAPs in Turkey -- Traditional Uses and Cultivation of St. John?s Wort (Hypericum perforatum L.) in Türkiye -- Turkish Oregano (Origanum spp.) ? Biodiversity, Cultivation, Traditional & Commercial Uses -- Traditional Medicinal and Aromatic Trees in Turkiye: Laurel (Laurus nobilis), Sumac (Rhuscoriaria), Hawthorn (Crataegus spp.) and Carob (Ceratonia siliqua) -- Turkish Soaproot (Radix gypsophylae) -- Traditional Farming of Apiaceae Species in Turkiye: Pimpinella anisum L., Foeniculum vulgare Mill., Cuminum cyminum L.) -- Traditional Uses of Turkish Asteraceae Species -- Anti-aging effectof Turkish medicinal plants on skin: Focus on recent studies. 330 $aThis is meant to be the 10th volume of the series Medicinal and Aromatic Plants of the World. Similarly, to the previous volumes, the work will deal -in a monographic form- with MAPs characteristic/famous or simply known of Turkey, a large country that is connecting Europe with Asia. Turkey has extremely rich and varied topographic/ecologic conditions. As a result, the flora of Turkey abounds in an astonishingly great number of endemic MAP species. Traditional, present and possible prospective uses will be discussed. Scientific and technological achievements will be equally presented. Briefly, the volume is aimed to look carefully at our present knowledge of this vast interdisciplinary domain of medicinal and aromatic plants with a focus on Turkey. In the era of global climate change and Covid-pandemics, building on the huge Turkish traditions, the proposed volume of the series is expected to make an important contribution to the better knowledge and understanding of the MAP wealth of the World. 410 0$aMedicinal and Aromatic Plants of the World,$x2352-684X ;$v10 606 $aBotany 606 $aAgriculture 606 $aPlant physiology 606 $aPlant Science 606 $aAgriculture 606 $aPlant Physiology 615 0$aBotany. 615 0$aAgriculture. 615 0$aPlant physiology. 615 14$aPlant Science. 615 24$aAgriculture. 615 24$aPlant Physiology. 676 $a635.968 700 $aMa?the?$b A?.$00 702 $aTurgut$b K$g(Kenan), 801 0$bMiAaPQ 801 1$bMiAaPQ 801 2$bMiAaPQ 906 $aBOOK 912 $a9910767518003321 996 $aMedicinal and aromatic plants of Turkey$93655735 997 $aUNINA